|
|
|
|
| LEADER |
00000naa2a2200000 4500 |
| 001 |
153382 |
| 005 |
20231031151402.0 |
| 035 |
|
|
|a (RuTPU)RU\TPU\book\166410
|
| 090 |
|
|
|a 153382
|
| 100 |
|
|
|a 20090211d2008 k y0rusy50 ca
|
| 101 |
0 |
|
|a rus
|
| 102 |
|
|
|a RU
|
| 200 |
1 |
|
|a Разработка альтернативных вариантов оснащения малогабаритной кухни мебельными и техническими формами
|f Н. А. Какаулина [и др.]
|g науч. рук. М. С. Кухта
|
| 461 |
|
1 |
|0 (RuTPU)RU\TPU\book\156858
|t Современные техника и технологии
|o 14 Международная научно-практическая конференция студентов, аспирантов и молодых ученых, г. Томск, 24-28 марта 2008 г.
|o труды
|o в 3 т.
|f Томский политехнический университет (ТПУ)
|d 2008
|
| 463 |
|
0 |
|0 (RuTPU)RU\TPU\book\155178
|t Т. 3
|v С. 501-502
|d 2008
|p 621 с.
|
| 610 |
1 |
|
|a кухни
|
| 610 |
1 |
|
|a дизайн
|
| 610 |
1 |
|
|a малогабаритные кухни
|
| 610 |
1 |
|
|a мебель
|
| 610 |
1 |
|
|a труды учёных ТПУ
|
| 701 |
|
1 |
|a Какаулина
|b Н. А.
|
| 701 |
|
1 |
|a Василюк
|b О. В.
|
| 701 |
|
1 |
|a Родионова
|b И. С.
|
| 701 |
|
1 |
|a Белорусцева
|b Д. В.
|
| 702 |
|
1 |
|a Кухта
|b М. С.
|4 727
|
| 801 |
|
1 |
|a RU
|b 63413507
|c 20090211
|g PSBO
|
| 801 |
|
2 |
|a RU
|b 63413507
|c 20141110
|g PSBO
|
| 942 |
|
|
|c BK
|